| 000 | 00557nam a22002293 4500 | ||
|---|---|---|---|
| 001 | 8560 | ||
| 003 | BDJhCC | ||
| 005 | 20231113120720.0 | ||
| 008 | 970107s1952 xx 000 0 und d | ||
| 035 | _a(BD - JhCC)8560 | ||
| 040 |
_aEQO _cEQO _dBD-JhCC |
||
| 041 | _aeng | ||
| 082 |
_bSHA 1952 _a330 |
||
| 100 | 1 | _aSharif, M. R. | |
| 245 | 1 | 3 |
_aModern Economic Development of Pakistan / _cM. R. Sharif |
| 250 | _a4th, revised ed. | ||
| 260 |
_aDacca, _c1952. |
||
| 300 |
_a413 p. : _c21 cm. |
||
| 650 | _aEconomics | ||
| 942 |
_2ddc _cBK |
||
| 999 |
_c8560 _d8560 |
||